00589nam a22001697a 4500003000400000005001700004008004100021020002300062040002200085082003700107100002600144245010200170260005000272300004000322504004100362650001600403OSt20251120134741.0251120b |||||||| |||| 00| 0 eng d a978-971-94179-0-3. aDWCL-Main libcOC 22008 ed.aFil. 610.73 Oc21t 2008 aOctaviano, Eufemia S. aTheoretical foundations of nursing :bthe Philippine perspectives 2008 ed.cOctaviano, Eufemia S. aManila : bUltimate Learning Series, cc2008. a193 pages :billustration ;c22 cm. aIncludes bibliographical references. 21. Nursing.